Films tournés en Camargue (par image) - Statistiques

Statistiques générales
  • Ce quiz a été pris 7 fois
  • Le résultat moyen est 5 sur 16
Statistiques - réponses
Par images Hint Réponse % Correct
Georges Lautner (1981) Le Professionnel
83%
Albert Lamorisse (1953) Crin-Blanc
67%
Robert Dhery (1967) Le Petit Baigneur
67%
Nicolas Vannier (2019) Donne-moi des ailes
50%
Henri Colpi (1970) Heureux qui comme Ulysse
50%
Henri-Georges Clouzot (1953) Le Salaire de la peur
50%
Noël Howard (1963) D'où viens-tu, Johnny ?
33%
Jean de Marguenat (1945) Le Gardian
33%
Robert Hossein (1955) Les Salauds vont en enfer
33%
Tony Gatlif (2021) Tom Medina
33%
Jean Durand (1912) Cent dollars mort ou vif
0%
Yves Allégret (1960) Le Chien de pique
0%
Eric Caravaca (2005) Le Passager
0%
Marcel Jullian (1983) L'Été de nos quinze ans
0%
Serge Friedman (1976) Un mari, c'est un mari
0%
Jean Devaivre (1950) Vendetta en Camargue
0%
Aucun quiz correspondant
Distribution des résultats
% des personnes avec chaque résultat
Percentile par nombre de réponses
Votre historique - résultats
Vous n’avez pas pris ce quiz